| 000 | 00000nam##2200000za#4500 |
| 001 | 9.571577 |
| 003 | CaOODSP |
| 005 | 20211126112844 |
| 007 | cr ||||||||||| |
| 008 | 150406|2001||||xxc|||||o f|0| 0 eng|d |
| 022 | |a1701-9397 |
| 040 | |aCaOODSP|beng |
| 043 | |an-cn--- |
| 086 | 1 |aFB3-2/101-23E-PDF |
| 110 | 2 |aBank of Canada. |
| 245 | 10|aModelling mortgage rate changes with a smooth transition error-correction model / |h[electronic resource]|cby Ying Liu. |
| 260 | |aOttawa - Ontario : |bBank of Canada |cDecember 2001. |
| 300 | |a32p.|bgraphs, tables |
| 490 | 1 |aBank of Canada working paper|x1701-9397|v2001-23 |
| 500 | |a"This paper uses a smooth transition error-correction model (STECM) to model the one-year and five-year mortgage rate changes. The model allows for a non-linear adjustment process of mortgage rates towards their long-run equilibrium."--Abstract. |
| 500 | |aThe ISSN (1192-5434) for the print edition has been incorrectly copied in this electronic publication. |
| 504 | |aBibliography. |
| 546 | |aRésumé en français. |
| 590 | |a11-19-Supp|b2011-09-23 |
| 690 | 07|aMortgage loans|2gcpds |
| 690 | 07|aModels|2gcpds |
| 720 | 1 |aLiu, Ying |
| 776 | 0#|tModelling mortgage rate changes with a smooth transition error-correction model / |w(CaOODSP)9.615868 |
| 830 | #0|aWorking paper (Bank of Canada)|x1701-9397|v2001-23|w(CaOODSP)9.504604 |
| 856 | 40|ahttp://publications.gc.ca|qPDF|s182 KB|uhttps://publications.gc.ca/collections/Collection/FB3-2-101-23E.pdf|y2001-23 |